| 000 | 01524nam a2200337 a 4500 | ||
|---|---|---|---|
| 999 |
_c381027 _d381027 |
||
| 003 | BLK | ||
| 005 | 20250312161642.0 | ||
| 008 | 202008b bul|||||r ||||||| ||bul|| | ||
| 020 | _a9786191952526 | ||
| 040 | _aBLK | ||
| 041 |
_aBUL _cBUL |
||
| 080 |
_aИздания за деца и юноши. Книжки-картинки. Читанки. Вж и 372.4 _b087.5 _x:39 _z087.5:39 |
||
| 080 |
_aЕтнология. Етнография. Нрави. Обичаи. Бит. Фолклористика. Вж и 572 ; 903 ; 904 _b39 _x:087.5 _z39:087.5 |
||
| 139 |
_aНароди и земи _bН 25 |
||
| 245 | 1 | 0 |
_aНароди и земи _bЕнциклопедия _cПрев. Камен Велчев. |
| 257 | _aBGR | ||
| 260 |
_aСофия _bКнигомания _c2020 _9214104 _n978-619-195- ; 978-954-8432- ; 978-954-9817- ; 954-90578- |
||
| 300 |
_a304 с. _bс ил. _c21 см |
||
| 380 | _aDN | ||
| 500 | _aОриг. загл., установено от доп. източник: People and places. - Азб. показалец / състав. Ванеса Бърд. | ||
| 650 | 7 |
_aЕтнография _9155169 |
|
| 650 | 0 |
_aДеца - енциклопедии и справочници _9345120 |
|
| 653 | 7 |
_aнароди _9191743 |
|
| 653 | 7 |
_aобичаи _9192501 |
|
| 700 |
_aВелчев, Камен Петков _d1974 - _9333727 |
||
| 852 | _c904/Н 25 | ||
| 852 |
_aЦб ІІ 30745 _bЦб |
||
| 942 |
_cKNG _n0 _07 _s1 |
||
| 944 |
_aCR _c2020-08-10 _k30551 _lБояна Костадинова |
||
| 944 |
_aED _c2022-03-17 _kКети |
||